| 000 | 004450000a22001810004500 | ||
|---|---|---|---|
| 003 | LK-CoMWRAF | ||
| 008 | 230817t ||||| |||| 00| 0 eng d | ||
| 020 | _a9558202029 | ||
| 040 |
_aLK-CoMWRAF _dLK-CoMWRAF _eLK-CoMWRAF |
||
| 041 | _aeng | ||
| 082 |
_a020 _bALT |
||
| 100 | _aAltalib, Hisham | ||
| 245 |
_aThalaimaiththuwap Paitchi Valigatti _b |
||
| 260 |
_bMISD _aSri Lanka _c1999 |
||
| 300 | _ap.449 | ||
| 650 | _aIslamic Works | ||
| 942 | _cBK | ||
| 999 |
_c720 _d720 |
||